| 000 | 00653nam a2200181Ia 4500 | ||
|---|---|---|---|
| 008 | 0000001983 sp a 0000000000spa00 | ||
| 090 | _aPSP00 A71l | ||
| 245 | 1 | 0 |
_aLuis Canelo _c/ Arco 1983 |
| 300 |
_a[6] p. _c/ 30 cm. |
||
| 500 | _aExposición realizada en la Galería Montenegro, Madrid, Febrero Marzo, 1983 \ Con el patronazgo de la empresa colombiana PLARESA | ||
| 600 | 0 | 0 |
_aCANELO, LUIS, 1942/ _xTRABAJOS PICTORICOS |
| 650 | 1 | 4 | _aARTE CONTEMPORANEO ESPAÑOL |
| 650 | 1 | 4 | _xCATALOGOS |
| 650 | 1 | 4 | _xEXPOSICIONES |
| 650 | 1 | 4 | _aPINTORES ESPAÑOLES |
| 650 | 1 | 4 | _aPINTURA ESPAÑOLA |
| 999 |
_c8172 _d8172 |
||
| 260 |
_aMadrid : Galería Montenegro _c1983 |
||